00421nam a2200145Ia 4500008004100000020001800041041000800059082001800067100003800085245007400123250000600197260003400203300001300237650002500250210716s2008 xx 000 0 und d a9780199560295 aeng a658.4012 HABA aHaberberg, Adrian;Rieple, Alison. aStrategic management: theory and application.bTheory and application a1 bOxford University Pressc2008 axxiv,822 aStrategic Management